Bilecik Bilecik Bilecik Bilecik Bilecik

Siyasetin temel kavramları/ (Record no. 55067)

MARC details
000 -BAŞLIK
Sabit Uzunluktaki Kontrol Alanı 00919nam a22003017a 4500
001 - KONTROL NUMARASI
Control Dosyası 0055259
003 - KONTROL NUMARASI KİMLİĞİ
Kontrol Alanı KOHA_MİRAKIL
005 - EN SON İŞLEM TARİHİ ve ZAMANI
Kontrol Alanı 20260207004014.0
007 - FİZİKSEL TANIM SABİT ALAN - GENEL BİLGİ
Sabit uzunluklu kontrol alanı ta
008 - SABİT UZUNLUKTAKİ VERİ ÖGELERİ - GENEL BİLGİ
Sabit Alan 160215b2012 tu |||gr||||#||||0|tur |
020 ## - ISBN - ULUSLARARASI STANDART KİTAP NUMARASI
Isbn 9789752500334
040 ## - KATALOGLAMA KAYNAĞI
Özgün Kataloglama Kurumu TR-BiSEU
Kataloglama Dili tur
Çeviri Kurumu TR-BiSEU
Açıklama Kuralları rda
041 0# - DİL KODU
Metin ya da ses kaydının dil kodu tur
050 ## - SINIFLAMA ve YER NUMARASI
Sınıflama Numarası JA66
Yer Numarası .H49 2012
100 1# - KİŞİ ADI
Yazar Adı (Kişi adı) Heywood, Andrew .
245 1# - ESER ADI BİLDİRİMİ
Başlık Siyasetin temel kavramları/
Sorumluluk Bildirimi Andrew Heywood ; Andrew Heywood; Çeviren Hayrettin Özler; Yayına Hazırlayan Selçuk Durgut.
264 #1 - ÜRERİM, YAYIN, DAĞITIM ve TELİF BİLDİRİMİ
Yayın yeri Ankara :
Yayınlayan Adres Yayınları
Yayın tarihi 2012
300 ## - FİZİKSEL TANIMLAMA
Sayfa, Cilt vb. 383 sayfa; 23 cm.
336 ## - İÇERİK TÜRÜ
Content type term metin
Content type code txt
Source rdacontent
337 ## - MEDYA TÜRÜ
Media type term aracısız
Media type code n
Source rdamedia
338 ## - TAŞIYICI TÜRÜ
Carrier type term cilt
Carrier type code nc
Source rdacarrier
490 1# - DİZİ BİLDİRİMİ
Dizi Bildirimi Adres Yayınları ;
Cilt Numarası 32
500 ## - GENEL NOT
Genel Not Dizin var.
500 ## - GENEL NOT
Genel Not Kaynakça var.
650 #0 - KONU BAŞLIĞI EK GİRİŞ - KONU TERİMİ
Konusal terim veya coğrafi ad Political science.
9 (RLIN) 8744
830 1# - SERİ EK GİRİŞİ - TEKBİÇİM ESER ADI
Tekbiçim Başlık Adres Yayınları ;
Volume number/sequential designation 32
9 (RLIN) 17676
942 ## - EK GİRİŞ ÖGELERİ (KOHA)
Source of classification or shelving scheme Library of Congress Classification
Koha item type Book
Holdings
Materyal Türü Kalıcı Konum Mevcut Konum Raf Yeri Sınıflandırma Kaynağı Edinim Bilgisi Ana Konular Alt Konular Yer Numarası Demirbaş Numarası Fatura Tarihi Maliyet, Alış Fiyatı Maliyet, Yenileme Fiyatı Geri Çekilme Durumu Kayıp Durumu Hasarlı Durumu Kredi için değil Kayıt Tarih Toplam Ödünçverme Son Görülme Tarihi Son Kontrol Tarihi Satın Alma Notu
Book Prof. Dr. Azmi Özcan Kütüphanesi Prof. Dr. Azmi Özcan Kütüphanesi Uluğbey Salonu Library of Congress Classification Satın SİYASET BİLİMİ Siyaset Bilimi (Genel) JA66 .H49 2012 0055259 08/02/2016 14.81 14.81         15/02/2016 3 27/05/2025 27/05/2025 PAE 2016000001394
Book Prof. Dr. Azmi Özcan Kütüphanesi Prof. Dr. Azmi Özcan Kütüphanesi Uluğbey Salonu Library of Congress Classification Satın SİYASET BİLİMİ Siyaset Bilimi (Genel) JA66 .H49 2012 0055260 08/02/2016 14.81 14.81         15/02/2016 2 27/05/2025 27/05/2025 PAE 2016000001394